Online
Catalog

La ansiedad en relación con el pensamiento y el olvido / (Record no. 21693)

MARC details
000 -CABECERA
campo de control de longitud fija 00744cam a2200205 a 4500
001 - NÚMERO DE CONTROL
campo de control 000022195
005 - FECHA Y HORA DE LA ÚLTIMA TRANSACCIÓN
campo de control 20200930011626.0
008 - DATOS DE LONGITUD FIJA--INFORMACIÓN GENERAL
campo de control de longitud fija 711201s1970 ag 000 1 spa d
040 ## - FUENTE DE LA CATALOGACIÓN
Centro catalogador/agencia de origen DO-SdBNP
Lengua de catalogación spa
Centro/agencia transcriptor LC
Centro/agencia modificador BNPHU
050 00 - SIGNATURA TOPOGRÁFICA DE LA BIBLIOTECA DEL CONGRESO
Número de clasificación PZ1.H375
Número de documento/Ítem Fo
Número de clasificación PR9276
082 ## - NÚMERO DE LA CLASIFICACIÓN DECIMAL DEWEY
Número de clasificación nn*
Número de documento/Ítem nn*
049 ## - FONDOS LOCALES (OCLC)
Fondos de biblioteca BNGR
100 1# - ENTRADA PRINCIPAL--NOMBRE DE PERSONA
Nombre de persona Lighthall, Frederick F.
9 (RLIN) 45916
245 13 - MENCIÓN DE TÍTULO
Título La ansiedad en relación con el pensamiento y el olvido /
Mención de responsabilidad, etc. Frederick F. Lighthall ; traducción Aníbal C. Leal.
260 ## - PUBLICACIÓN, DISTRIBUCIÓN, ETC.
Lugar de publicación, distribución, etc. Buenos Aires :
Nombre del editor, distribuidor, etc. Centro Regional de Ayuda Técnica ;
-- Agencia para el Desarrollo Internacional,
Fecha de publicación, distribución, etc. 1970.
300 ## - DESCRIPCIÓN FÍSICA
Extensión 43 p. ;
Dimensiones 20 cm.
490 1# - MENCIÓN DE SERIE
Mención de serie Libreria del Colegio
Designación de volumen o secuencia 30
700 1# - PUNTO DE ACCESO ADICIONAL--NOMBRE DE PERSONA
Nombre de persona Leal, Aníbal C.,
Término indicativo de función/relación tr.
9 (RLIN) 45906
830 #0 - PUNTO DE ACCESO ADICIONAL DE SERIE-TÍTULO UNIFORME
Título uniforme Libreria del Colegio
Designación de volumen o secuencia 30
9 (RLIN) 45917
Holdings
Estado de retiro Estado de pérdida Restricciones de uso No para préstamo Código de colección Localización permanente Ubicación/localización actual Ubicación en estantería Fecha de adquisición Número de inventario Total de préstamos Signatura topográfica completa Código de barras Fecha visto por última vez Precio válido a partir de Tipo de ítem Koha
        Monografías: Libros y Folletos General General En catalogación 17.09.2010 LF1   nn* nn* 22195-10 25.06.2020 25.06.2020 Préstamo en sala

Powered by Koha